Social work education : (Record no. 181559)

MARC details
000 -LEADER
fixed length control field 00582nam a22001817a 4500
005 - DATE AND TIME OF LATEST TRANSACTION
control field 20210923115525.0
010 ## - LCCN (DPL NO)
LC control number ENG-130003
020 ## - INTERNATIONAL STANDARD BOOK NUMBER
International Standard Book Number 978935388-637-0
Terms of availability 1150.00
035 ## - SYSTEM CONTROL NUMBER
System control number EN-113485
037 ## - SOURCE OF ACQUISITION
Source of stock number/acquisition DBAD/PUB
082 ## - DEWEY DECIMAL CLASSIFICATION NUMBER
Classification number 361.954
245 ## - TITLE STATEMENT
Title Social work education :
Statement of responsibility, etc edited by Sanjoy Roy
Remainder of title Indigenous perspectives/
260 ## - PUBLICATION, DISTRIBUTION, ETC. (IMPRINT)
Name of publisher, distributor, etc Sage
Place of publication, distribution, etc India
Date of publication, distribution, etc 2021
270 ## - ADDRESS
City New Delhi
Postal code 110044
Address B1/1-1,Mohan Cooperative industrial Area Mathura road Post Bag 7
300 ## - PHYSICAL DESCRIPTION
Extent 235p.
Dimensions 25cm(hbk)
700 ## - ADDED ENTRY--PERSONAL NAME
Personal name edited by Sanjoy Roy
942 ## - ADDED ENTRY ELEMENTS (KOHA)
Source of classification or shelving scheme Dewey Decimal Classification
Item type English Books
Classification part 361.954
Call number suffix SOC
Holdings
Withdrawn status Lost status Not for loan Collection code Home library Current library Date acquired Source of acquisition Cost, normal purchase price Full call number Barcode Copy number Cost, replacement price Koha item type
      Non-fiction Shahdara Branch Shahdara Branch 23/09/2021 DBAD/PUB 1150.00 361.954 SOC EN-113485 1 1150.00 English Books

© Delhi Public Library
Hit Counter
free hit counter